[Event "Rated Blitz game"]
[Site "?"]
[Date "2021.10.15"]
[Round "?"]
[White "repairer"]
[Black "Heri72"]
[Result "1-0"]
[WhiteElo "2351"]
[BlackElo "2448"]
[PlyCount "39"]
[EventDate "2021.??.??"]
[EventType "blitz"]

1. e4 e5 2. Nf3 d5 3. exd5 Bd6 4. d4 e4 5. Ne5 Nf6 6. Bb5+ Kf8 7. c4 b6 8. O-O
h5 9. Bg5 h4 10. Nc3 Bf5 11. Re1 Nbd7 12. Nc6 Qe8 13. Qd2 Rh5 14. Bf4 h3 15. g3
Kg8 16. Ne5 Nxe5 17. dxe5 Bxe5 18. Bxe8 Rxe8 19. Bxe5 Rxe5 20. f3 {Normal} 1-0

[Event "Rated Blitz game"]
[Site "?"]
[Date "2021.10.15"]
[Round "?"]
[White "TysonT"]
[Black "Chisopa1"]
[Result "1-0"]
[WhiteElo "2344"]
[BlackElo "2462"]
[PlyCount "47"]
[EventDate "2021.??.??"]
[EventType "blitz"]

1. e4 e5 2. Nf3 d5 3. Nxe5 dxe4 4. d3 Bc5 5. Be3 Bxe3 6. fxe3 exd3 7. Bxd3 Qh4+
8. g3 Qf6 9. Nf3 Qxb2 10. Nbd2 Qb6 11. O-O Qxe3+ 12. Kh1 Be6 13. Re1 Qc5 14.
Ne4 Qd5 15. Rb1 Ne7 16. Rb5 Qc6 17. Ne5 Qa6 18. Nc5 Qa3 19. Nxe6 fxe6 20. Qh5+
g6 21. Bxg6+ Kd8 22. Nf7+ Kc8 23. Nxh8 hxg6 24. Nxg6 {Time forfeit} 1-0

[Event "Rated Blitz game"]
[Site "?"]
[Date "2021.10.15"]
[Round "?"]
[White "voliavital083"]
[Black "Annali-annaliew1979"]
[Result "0-1"]
[WhiteElo "2484"]
[BlackElo "2485"]
[PlyCount "92"]
[EventDate "2021.??.??"]
[EventType "blitz"]

1. e4 e5 2. Nf3 d5 3. exd5 e4 4. Qe2 f5 5. d3 Nf6 6. dxe4 fxe4 7. Nfd2 Be7 8.
Nc3 O-O 9. Ndxe4 Nxe4 10. Nxe4 Bf5 11. Nc3 Bf6 12. Be3 Bxc3+ 13. bxc3 Nd7 14.
Qd2 Qf6 15. Be2 Rae8 16. O-O b6 17. Bd4 Qg6 18. Bd3 a5 19. Rae1 h6 20. c4 Kh7
21. f3 Nf6 22. Bxf5 Qxf5 23. Qd3 Kg6 24. Re5 Qxd3 25. cxd3 Nd7 26. Re6+ Kf7 27.
Rfe1 a4 28. Kf2 g6 29. Rc6 Rxe1 30. Kxe1 Rc8 31. d6 Re8+ 32. Kf2 cxd6 33. Rxd6
Re6 34. Rxd7+ Ke8 35. Rb7 Rd6 36. Ke3 Re6+ 37. Kd2 Rd6 38. Kc3 a3 39. g4 h5 40.
gxh5 gxh5 41. f4 Rg6 42. f5 Rg2 43. f6 Rb2 44. f7+ Kf8 45. Be3 Rg2 46. Bh6+ Rg7
{Time forfeit} 0-1

[Event "Rated Blitz game"]
[Site "?"]
[Date "2021.10.15"]
[Round "?"]
[White "Andry123111"]
[Black "bobbybaer"]
[Result "0-1"]
[WhiteElo "2423"]
[BlackElo "2246"]
[PlyCount "80"]
[EventDate "2021.??.??"]
[EventType "blitz"]

1. e4 e5 2. Nf3 d5 3. Nxe5 Bd6 4. d4 dxe4 5. Bc4 Bxe5 6. Qh5 Qe7 7. dxe5 Be6 8.
Bxe6 Qxe6 9. Nc3 Nc6 10. O-O Qxe5 11. Qxe5+ Nxe5 12. Nxe4 O-O-O 13. Bf4 f6 14.
Bxe5 fxe5 15. Rad1 Nf6 16. Ng5 Rd7 17. Ne6 Nd5 18. Rfe1 Nb4 19. c3 Nd3 20. Re2
Nf4 21. Red2 Rxd2 22. Rxd2 Nxe6 23. Re2 Rd8 24. g3 Kd7 25. Rxe5 Kd6 26. Ra5 a6
27. h4 Ke7 28. Re5 Rd2 29. f4 Kf6 30. g4 Rxb2 31. g5+ Kf7 32. f5 Nf4 33. Re4
Nd5 34. Rd4 Ne3 35. Rd7+ Ke8 36. Rxc7 Nxf5 37. a4 Kf8 38. Rc8+ Kf7 39. Rc7+ Kg6
40. Rd7 Nxh4 {Time forfeit} 0-1

[Event "Rated Blitz game"]
[Site "?"]
[Date "2021.10.15"]
[Round "?"]
[White "Oleg_Perfilov"]
[Black "Adim_Ayub"]
[Result "1-0"]
[WhiteElo "2430"]
[BlackElo "2368"]
[PlyCount "103"]
[EventDate "2021.??.??"]
[EventType "blitz"]

1. e4 e5 2. Nf3 d5 3. exd5 e4 4. Ne5 Qxd5 5. d4 exd3 6. Nxd3 Nf6 7. Nc3 Qe6+ 8.
Be3 c6 9. Qd2 Bb4 10. O-O-O Bxc3 11. Qxc3 Qxa2 12. Bc5 Qa1+ 13. Kd2 Ne4+ 14.
Ke1 Qxd1+ 15. Kxd1 Nxc3+ 16. bxc3 Be6 17. Nf4 Nd7 18. Bd6 O-O-O 19. Nxe6 fxe6
20. Bd3 Nf6 21. Be5 Ng4 22. Bg3 c5 23. c4 Rhf8 24. Ke2 h6 25. h3 Nf6 26. Ra1 a6
27. Ra5 Nd7 28. Bd6 Rh8 29. Bf4 e5 30. Be3 b6 31. Rxa6 Kb7 32. Ra1 Nf6 33. f3
Ra8 34. Rb1 Kc6 35. g4 Rhe8 36. Bf5 e4 37. fxe4 Nxe4 38. Kf3 Nd6 39. Bd3 Rf8+
40. Kg3 Ra4 41. Bf4 Rd8 42. Re1 Nxc4 43. Re6+ Kd7 44. Rg6 Rg8 45. Bxh6 Nb2 46.
Bf5+ Ke7 47. Bg5+ Kf7 48. Rxb6 Rb4 49. Be6+ Ke8 50. Rxb4 cxb4 51. Bxg8 Nc4 52.
Bxc4 {Normal} 1-0

[Event "Rated Blitz game"]
[Site "?"]
[Date "2021.10.15"]
[Round "?"]
[White "JoeAssaad"]
[Black "RiskyBlitzer"]
[Result "0-1"]
[WhiteElo "2527"]
[BlackElo "2496"]
[PlyCount "96"]
[EventDate "2021.??.??"]
[EventType "blitz"]

1. e4 e5 2. Nf3 d5 3. exd5 e4 4. Qe2 Nf6 5. d3 Be7 6. dxe4 O-O 7. Nc3 Re8 8.
Qc4 c6 9. Be2 b5 10. Qd3 b4 11. Na4 cxd5 12. exd5 Ba6 13. Qd1 Bxe2 14. Qxe2 Bc5
15. Be3 Bxe3 16. fxe3 Qa5 17. b3 Nxd5 18. O-O Rxe3 19. Qd2 Nd7 20. Rad1 N7f6
21. Kh1 Rae8 22. Nd4 Nc3 23. Nxc3 bxc3 24. Qf2 Qh5 25. h3 Ng4 26. Qf4 R3e4 27.
Qg3 Ne3 28. Rde1 Nxf1 29. Rxf1 Qg6 30. Qxc3 h6 31. Qd2 Qg5 32. Qd1 Qg3 33. c3
Re1 34. Qf3 Rxf1+ 35. Qxf1 Re1 36. Kg1 Qe3+ 37. Kh2 Rxf1 38. Nf3 Qf2 39. Nh4
Qg1+ 40. Kg3 g5 41. Nf3 Qe3 42. Kg4 Qf4+ 43. Kh5 Rxf3 44. Kxh6 Rg3 45. h4 Rh3
46. h5 Rh4 47. c4 Rxh5+ 48. Kxh5 Qh4# {Normal} 0-1

[Event "Rated Rapid game"]
[Site "?"]
[Date "2021.10.15"]
[Round "?"]
[White "StevenSnchz"]
[Black "Newton_54"]
[Result "0-1"]
[WhiteElo "2481"]
[BlackElo "2371"]
[PlyCount "28"]
[EventDate "2021.??.??"]
[EventType "rapid"]

1. e4 e5 2. Nf3 d5 3. Nxe5 Bd6 4. d3 Bxe5 5. Nd2 dxe4 6. dxe4 Nf6 7. Bb5+ c6 8.
Bc4 O-O 9. O-O Bg4 10. f3 Bd4+ 11. Kh1 Be6 12. Bd3 Nh5 13. Qe1 Nf4 14. Qg3 Be5
{Normal} 0-1

[Event "Rated Blitz game"]
[Site "?"]
[Date "2021.10.15"]
[Round "?"]
[White "NormWeinstein"]
[Black "khalid_ontawar"]
[Result "1-0"]
[WhiteElo "2451"]
[BlackElo "2523"]
[PlyCount "75"]
[EventDate "2021.??.??"]
[EventType "blitz"]

1. e4 e5 2. Nf3 d5 3. d4 dxe4 4. Nxe5 Be6 5. Be2 Nf6 6. O-O Bd6 7. Bf4 Nbd7 8.
Nc3 Bf5 9. f3 exf3 10. Bxf3 Rb8 11. Nb5 O-O 12. Nxd6 cxd6 13. Nc4 d5 14. Ne3
Be4 15. Bxb8 Qxb8 16. Bxe4 dxe4 17. c4 Re8 18. h3 Qc7 19. Rc1 b6 20. Kh1 g6 21.
Qc2 Nh5 22. Kg1 Qg3 23. Qf2 f5 24. Qxg3 Nxg3 25. Rfe1 f4 26. Nd5 e3 27. Nxf4
Nf6 28. Rc3 g5 29. Nd5 Nxd5 30. cxd5 Nf5 31. Rd3 Rd8 32. g4 Nh4 33. Rexe3 Rxd5
34. Re5 Rd6 35. Rxg5+ Kf7 36. Kf2 Rf6+ 37. Kg3 Ng6 38. Rf5 {Normal} 1-0

[Event "Rated Blitz tournament cYgS9hAc"]
[Site "?"]
[Date "2021.10.15"]
[Round "?"]
[White "Welcome2Revachol"]
[Black "AD_CSS"]
[Result "1-0"]
[WhiteElo "2539"]
[BlackElo "2313"]
[PlyCount "53"]
[EventDate "2021.??.??"]
[EventType "blitz"]

1. e4 e5 2. Nf3 d5 3. exd5 e4 4. Qe2 Nf6 5. Nc3 Qe7 6. Nd4 a6 7. d3 exd3 8.
Qxe7+ Bxe7 9. Bxd3 Bb4 10. Bc4 Nbd7 11. Bb3 Nb6 12. Bd2 Bxc3 13. Bxc3 Nfxd5 14.
Bd2 O-O 15. c4 Re8+ 16. Kd1 c5 17. cxd5 cxd4 18. Re1 Bf5 19. Rc1 Rxe1+ 20. Bxe1
Rd8 21. Ba5 Rd6 22. Rc7 Nxd5 23. Rxb7 h6 24. Rb8+ Kh7 25. Rd8 Rxd8 26. Bxd8 d3
27. Bxd5 {Normal} 1-0

[Event "Rated Blitz game"]
[Site "?"]
[Date "2021.10.15"]
[Round "?"]
[White "Majasystem"]
[Black "oJHuNNz"]
[Result "1-0"]
[WhiteElo "2449"]
[BlackElo "2282"]
[PlyCount "83"]
[EventDate "2021.??.??"]
[EventType "blitz"]

1. e4 e5 2. Nf3 d5 3. exd5 e4 4. Qe2 Nf6 5. d3 Qxd5 6. Nbd2 Be6 7. dxe4 Qd7 8.
Ne5 Qd6 9. Qb5+ Nbd7 10. Nxd7 Bxd7 11. e5 Qe6 12. Qxb7 Qxe5+ 13. Be2 Rd8 14.
O-O Bd6 15. Nf3 Qc5 16. Be3 Qxc2 17. Nd4 Qe4 18. Qxa7 O-O 19. Bf3 Qh4 20. g3
Qh3 21. Bg2 Qh5 22. h3 Bxh3 23. Nc6 Ra8 24. Qd4 Bxg2 25. Kxg2 Ng4 26. Rh1 Nxe3+
27. Qxe3 Rxa2 28. Rxh5 Rxa1 29. Qe4 g6 30. Ra5 Rc1 31. Ne7+ Kg7 32. Qe3 Rc2 33.
Nf5+ Kg8 34. Nxd6 cxd6 35. b4 Rfc8 36. b5 Rb2 37. b6 Rb8 38. Ra6 d5 39. Qd4 Rb5
40. Kf3 Rb3+ 41. Kf4 h5 42. Kg5 {Time forfeit} 1-0

[Event "Rated Blitz game"]
[Site "?"]
[Date "2021.10.15"]
[Round "?"]
[White "ferhat2011"]
[Black "jeruchess"]
[Result "1-0"]
[WhiteElo "2403"]
[BlackElo "2419"]
[PlyCount "113"]
[EventDate "2021.??.??"]
[EventType "blitz"]

1. e4 e5 2. Nf3 d5 3. d4 dxe4 4. Nxe5 Bd6 5. Qh5 Bxe5 6. Qxe5+ Kf8 7. b3 Nf6 8.
Ba3+ Kg8 9. Bc4 Nc6 10. Qf4 Qxd4 11. c3 Qe5 12. Qe3 Be6 13. Be2 Ng4 14. Bxg4
Bxg4 15. O-O Re8 16. Nd2 h5 17. Nc4 Qf5 18. f3 exf3 19. Qxe8+ Kh7 20. Qe3 Rd8
21. Rxf3 Bxf3 22. Qxf3 Qxf3 23. gxf3 Rd3 24. Kf2 Rxc3 25. Rd1 Rc2+ 26. Rd2
Rxd2+ 27. Nxd2 f6 28. h4 g5 29. Ne4 Kg6 30. Bb2 Nb4 31. Ke2 Nd5 32. Bd4 b6 33.
Kd3 g4 34. Ng3 c5 35. Bf2 Nb4+ 36. Kd2 Nxa2 37. fxg4 hxg4 38. h5+ Kh7 39. Ne4
f5 40. Nf6+ Kh6 41. Be3+ Kg7 42. Bg5 Nb4 43. h6+ Kh8 44. Nd7 Nd5 45. Ne5 Kh7
46. Nf7 g3 47. Ke2 f4 48. Kf3 Kg6 49. Ne5+ Kxg5 50. h7 g2 51. Kxg2 Ne3+ 52. Kf3
Nf5 53. h8=Q Nd4+ 54. Ke4 f3 55. Qg7+ Kh5 56. Qg4+ Kh6 57. Qg6# {Normal} 1-0

[Event "Rated Blitz game"]
[Site "?"]
[Date "2021.10.15"]
[Round "?"]
[White "Eirhso60"]
[Black "lavilaine"]
[Result "1-0"]
[WhiteElo "2389"]
[BlackElo "2446"]
[PlyCount "161"]
[EventDate "2021.??.??"]
[EventType "blitz"]

1. e4 e5 2. Nf3 d5 3. d3 dxe4 4. dxe4 Qxd1+ 5. Kxd1 Bg4 6. Be2 Nc6 7. h3 O-O-O+
8. Nbd2 Bxf3 9. Bxf3 Nf6 10. c3 Bc5 11. Rf1 Ne7 12. Ke2 Ng6 13. g3 h5 14. h4
Ng4 15. Nb3 Bb6 16. Bxg4+ hxg4 17. Be3 Bxe3 18. Kxe3 Rd6 19. Rad1 Rhd8 20. Rxd6
Rxd6 21. Ke2 b6 22. Rd1 Rxd1 23. Kxd1 c5 24. Nd2 Kd7 25. Ke2 Ne7 26. Nc4 f6 27.
Ne3 a5 28. Nxg4 a4 29. Ne3 Kc6 30. c4 b5 31. Kd3 b4 32. a3 b3 33. Nd5 Nc8 34.
f4 Nd6 35. Nc3 exf4 36. gxf4 f5 37. e5 Nf7 38. Nxa4 Nh6 39. Nc3 Ng4 40. Nd5
Nf2+ 41. Kc3 Ne4+ 42. Kxb3 Nd2+ 43. Kc3 Ne4+ 44. Kc2 Kd7 45. b4 Kc6 46. b5+ Kb7
47. Ne7 Nf2 48. Nxf5 Nh3 49. Nxg7 Nxf4 50. h5 Ne2 51. h6 Kb6 52. h7 Nd4+ 53.
Kc3 Ne2+ 54. Kb2 Ka5 55. h8=Q Nd4 56. Qa8+ Kb6 57. Qa6+ Kc7 58. Qd6+ Kb7 59.
Qxd4 cxd4 60. e6 Kb6 61. e7 d3 62. e8=Q Kc5 63. Qc6+ Kd4 64. Ne6+ Ke3 65. Qd5
Kd2 66. Qxd3+ Kxd3 67. c5 Ke4 68. c6 Kd5 69. c7 Kd6 70. c8=Q Ke7 71. Qc7+ Kf6
72. b6 Kf5 73. b7 Ke4 74. b8=Q Kd5 75. Nc5 Kc4 76. Nb3+ Kd5 77. Qd6+ Ke4 78.
Qbb4+ Kf3 79. Qc3+ Kg2 80. Qdd2+ Kf1 81. Qcc1# {Normal} 1-0

[Event "Rated Blitz game"]
[Site "?"]
[Date "2021.10.15"]
[Round "?"]
[White "canc3111"]
[Black "barry-allen"]
[Result "1-0"]
[WhiteElo "2426"]
[BlackElo "2396"]
[PlyCount "41"]
[EventDate "2021.??.??"]
[EventType "blitz"]

1. e4 e5 2. Nf3 d5 3. Nxe5 Bd6 4. d4 dxe4 5. Bc4 Bxe5 6. dxe5 Qxd1+ 7. Kxd1 Nc6
8. Bf4 Nge7 9. Nc3 Bg4+ 10. Ke1 O-O-O 11. Nxe4 Nb4 12. Bb3 Bf5 13. f3 Bxe4 14.
fxe4 Rd4 15. Kf2 Rxe4 16. Kf3 Rd4 17. c3 Rxf4+ 18. Kxf4 Nd3+ 19. Ke3 Nxb2 20.
Rab1 Nd5+ 21. Bxd5 {Normal} 1-0

[Event "Rated Blitz game"]
[Site "?"]
[Date "2021.10.15"]
[Round "?"]
[White "Rexinator"]
[Black "ibrahim_karpove2711"]
[Result "1-0"]
[WhiteElo "2417"]
[BlackElo "2303"]
[PlyCount "41"]
[EventDate "2021.??.??"]
[EventType "blitz"]

1. e4 e5 2. Nf3 d5 3. exd5 e4 4. Qe2 f5 5. d3 Nf6 6. dxe4 fxe4 7. Nc3 Bb4 8.
Qb5+ c6 9. Qxb4 exf3 10. Bg5 a5 11. Qc5 fxg2 12. Bxg2 Nbd7 13. Qe3+ Kf7 14.
Qe6+ Kg6 15. h4 Re8 16. Be4+ Kh5 17. Qf7+ g6 18. O-O-O Re7 19. Bf3+ Ng4 20.
Bxe7 Nde5 21. Qxh7# {Normal} 1-0

[Event "Rated Blitz game"]
[Site "?"]
[Date "2021.10.15"]
[Round "?"]
[White "ajbaba"]
[Black "Heri72"]
[Result "1-0"]
[WhiteElo "2294"]
[BlackElo "2444"]
[PlyCount "47"]
[EventDate "2021.??.??"]
[EventType "blitz"]

1. e4 e5 2. Nf3 d5 3. Bc4 dxc4 4. Nxe5 Be6 5. d4 cxd3 6. cxd3 Nc6 7. Nf3 Bc5 8.
Nc3 Nf6 9. Be3 Nd4 10. h3 Nxf3+ 11. Qxf3 Bxe3 12. fxe3 Qxd3 13. Rd1 Qc2 14. e5
Nd7 15. Qxb7 O-O 16. O-O Nxe5 17. Qxc7 Ng6 18. Rf2 Rfc8 19. Qxc8+ Rxc8 20. Rxc2
Bxa2 21. Rcd2 Be6 22. Rd8+ Rxd8 23. Rxd8+ Nf8 24. Ra8 {Normal} 1-0

[Event "Rated Blitz game"]
[Site "?"]
[Date "2021.10.15"]
[Round "?"]
[White "pandasushi3"]
[Black "jeruchess"]
[Result "0-1"]
[WhiteElo "2405"]
[BlackElo "2409"]
[PlyCount "50"]
[EventDate "2021.??.??"]
[EventType "blitz"]

1. e4 e5 2. Nf3 d5 3. Nxe5 Bd6 4. d4 dxe4 5. Nc4 Be7 6. Nc3 Nf6 7. Be2 O-O 8.
O-O Bf5 9. Bg5 h6 10. Bh4 Bh7 11. Re1 Nbd7 12. Bf1 Re8 13. Qd2 a6 14. a4 Nf8
15. a5 g5 16. Bg3 Rc8 17. Ne5 Bd6 18. Rad1 Ng6 19. Bc4 Rf8 20. Nxe4 Nxe4 21.
Rxe4 Nxe5 22. dxe5 Bxe4 23. exd6 cxd6 24. Qd4 d5 25. Ba2 Qxa5 {Normal} 0-1

[Event "Rated Blitz game"]
[Site "?"]
[Date "2021.10.15"]
[Round "?"]
[White "DrBoki"]
[Black "barry-allen"]
[Result "1-0"]
[WhiteElo "2410"]
[BlackElo "2397"]
[PlyCount "103"]
[EventDate "2021.??.??"]
[EventType "blitz"]

1. e4 e5 2. Nf3 d5 3. exd5 e4 4. Ne5 Bd6 5. d4 Nf6 6. Bb5+ Nbd7 7. O-O O-O 8.
Nxd7 Bxd7 9. Bxd7 Qxd7 10. c4 c6 11. dxc6 bxc6 12. Bg5 Qe6 13. Bxf6 Qxf6 14.
Nc3 Rfe8 15. Re1 Qg6 16. d5 Rad8 17. Qc2 f5 18. Rad1 Qh6 19. g3 Qh3 20. dxc6
Re6 21. c7 Bxc7 22. Rxd8+ Bxd8 23. Qd2 Bb6 24. Qd5 Kf7 25. c5 Bc7 26. Ne2 e3
27. fxe3 h5 28. Nd4 Bxg3 29. Qxe6+ Kf8 30. Qxf5+ Qxf5 31. Nxf5 Bxe1 32. c6 Ke8
33. Nxg7+ Kd8 34. Nxh5 Kc7 35. Kf1 Ba5 36. Ke2 Kxc6 37. Nf4 Bb6 38. Kd3 Kd6 39.
Ke4 a5 40. h4 Bd8 41. h5 Bg5 42. Nh3 Bh6 43. Nf2 Ke6 44. Ng4 Bg7 45. h6 Bxb2
46. a4 Kf7 47. Kf5 Kg8 48. e4 Kh7 49. e5 Bc1 50. e6 Bxh6 51. Nxh6 Kxh6 52. e7 {
Normal} 1-0

[Event "Rated Blitz game"]
[Site "?"]
[Date "2021.10.15"]
[Round "?"]
[White "Topacchi8la"]
[Black "geptil"]
[Result "0-1"]
[WhiteElo "2394"]
[BlackElo "2435"]
[PlyCount "66"]
[EventDate "2021.??.??"]
[EventType "blitz"]

1. e4 e5 2. Nf3 d5 3. d4 dxe4 4. Nxe5 Bd6 5. Nc4 Nf6 6. Nxd6+ Qxd6 7. Nc3 O-O
8. Bc4 Nc6 9. O-O Nxd4 10. Nd5 c5 11. Nxf6+ Qxf6 12. c3 Be6 13. Bxe6 Nxe6 14.
Be3 b6 15. a4 Qg6 16. a5 Rad8 17. Qb3 f5 18. axb6 axb6 19. Qxb6 f4 20. Bxc5 f3
21. g3 Qf5 22. Kh1 Nxc5 23. g4 Qxg4 24. Rg1 Qf5 25. Ra7 Rd7 26. Ra5 Rd5 27. Ra7
g6 28. Qc7 Rf7 29. Ra8+ Kg7 30. Qc6 Nd3 31. Rg3 Nxf2+ 32. Kg1 Nh3+ 33. Kf1 Rd1#
{Normal} 0-1

[Event "Rated Blitz game"]
[Site "?"]
[Date "2021.10.15"]
[Round "?"]
[White "pemei"]
[Black "AntuanNSK"]
[Result "0-1"]
[WhiteElo "2421"]
[BlackElo "2309"]
[PlyCount "48"]
[EventDate "2021.??.??"]
[EventType "blitz"]

1. e4 e5 2. Nf3 d5 3. exd5 e4 4. Qe2 Nf6 5. Nc3 Be7 6. Nxe4 Nxe4 7. Qxe4 O-O 8.
Be2 Re8 9. O-O Bf6 10. Qc4 Nd7 11. d4 Nb6 12. Qd3 Qxd5 13. Be3 Bf5 14. Qd2 Nc4
15. Bxc4 Qxc4 16. b3 Qxc2 17. Qxc2 Bxc2 18. Rfc1 Be4 19. Rxc7 Rac8 20. Rc4 Bd5
21. Rc5 Bxf3 22. Rxc8 Rxc8 23. gxf3 Rc2 24. d5 Bxa1 {Normal} 0-1

[Event "Rated Blitz game"]
[Site "?"]
[Date "2021.10.15"]
[Round "?"]
[White "chessfygms"]
[Black "Annali-annaliew1979"]
[Result "1/2-1/2"]
[WhiteElo "2537"]
[BlackElo "2479"]
[PlyCount "150"]
[EventDate "2021.??.??"]
[EventType "blitz"]

1. e4 e5 2. Nf3 d5 3. Nxe5 Qe7 4. d4 f6 5. exd5 fxe5 6. Qh5+ g6 7. Qxe5 Bg7 8.
Qxe7+ Nxe7 9. Bb5+ c6 10. dxc6 bxc6 11. Bc4 Bxd4 12. O-O Bf5 13. c3 Bf6 14. Bh6
Nd7 15. Nd2 O-O-O 16. Ba6+ Kb8 17. Bf4+ Ka8 18. Bc7 Rde8 19. Nb3 Nd5 20. Bd6
Be5 21. Bxe5 Rxe5 22. Rad1 Rhe8 23. Nd4 Nb8 24. Bc4 Nb6 25. Bf7 R8e7 26. Bb3
Bc8 27. h3 Ba6 28. f4 Re3 29. Rf2 Re1+ 30. Rxe1 Rxe1+ 31. Kh2 Bc4 32. f5 gxf5
33. Rxf5 Bxb3 34. axb3 Re7 35. Rh5 Nd5 36. Nxc6 Nxc6 37. Rxd5 Re2 38. Rd6 Ne5
39. Rd8+ Kb7 40. Rh8 Rxb2 41. Rxh7+ Kb6 42. b4 Rb3 43. Rh6+ Nc6 44. g4 Rxc3 45.
g5 Kb5 46. g6 Ne7 47. h4 Rc4 48. h5 Nf5 49. Rh7 a6 50. Kg2 Rg4+ 51. Kf3 Rg1 52.
Kf4 Nd4 53. g7 Ne6+ 54. Ke5 Nxg7 55. h6 Ne8 56. Re7 Rh1 57. Rxe8 Rxh6 58. Rb8+
Rb6 59. Rxb6+ Kxb6 60. Kd4 Kb5 61. Kc3 a5 62. Kb3 axb4 63. Kb2 Kc4 64. Kc2 b3+
65. Kb2 Kb4 66. Kb1 Kc3 67. Kc1 Kd3 68. Kb2 Kc4 69. Kb1 Kb4 70. Kb2 Ka4 71. Kb1
Ka3 72. Ka1 Kb4 73. Kb2 Kc4 74. Kb1 Kd4 75. Kb2 Kc4 {Normal} 1/2-1/2

[Event "Rated Blitz game"]
[Site "?"]
[Date "2021.10.15"]
[Round "?"]
[White "adamiva5"]
[Black "JuNNiKz"]
[Result "1-0"]
[WhiteElo "2402"]
[BlackElo "2370"]
[PlyCount "43"]
[EventDate "2021.??.??"]
[EventType "blitz"]

1. e4 e5 2. Nf3 d5 3. exd5 e4 4. Qe2 Nf6 5. d3 Qxd5 6. Nbd2 Be6 7. Nxe4 Nbd7 8.
Bd2 O-O-O 9. c4 Qh5 10. Ng3 Qg6 11. O-O-O Nc5 12. Ne5 Bg4 13. f3 Nxd3+ 14. Qxd3
Qxd3 15. Nxd3 Be6 16. Nf4 Bd7 17. Bc3 Bd6 18. Ngh5 Nxh5 19. Nxh5 Rhg8 20. Nxg7
Bf4+ 21. Kc2 Bf5+ 22. Nxf5 {Normal} 1-0

[Event "Rated Blitz game"]
[Site "?"]
[Date "2021.10.15"]
[Round "?"]
[White "ElSerbio"]
[Black "CzechProphylaxis"]
[Result "1-0"]
[WhiteElo "2448"]
[BlackElo "2343"]
[PlyCount "51"]
[EventDate "2021.??.??"]
[EventType "blitz"]

1. e4 e5 2. Nf3 d5 3. exd5 Bd6 4. d4 e4 5. Nfd2 Nf6 6. c4 O-O 7. Nb3 Ng4 8. Be2
Qh4 9. g3 Qh3 10. Bf1 Qh5 11. h3 Bb4+ 12. Nc3 Nf6 13. Qxh5 Nxh5 14. Be2 Nf6 15.
Bg5 Nbd7 16. a3 Bxc3+ 17. bxc3 h6 18. Be3 b6 19. O-O Ba6 20. a4 Nxd5 21. cxd5
Bxe2 22. Rfe1 Bd3 23. Nd2 Nf6 24. c4 Rfd8 25. Bf4 Nh5 26. Bxc7 {Normal} 1-0

[Event "Rated Blitz game"]
[Site "?"]
[Date "2021.10.15"]
[Round "?"]
[White "Macho_men"]
[Black "RiskyBlitzer"]
[Result "0-1"]
[WhiteElo "2424"]
[BlackElo "2491"]
[PlyCount "20"]
[EventDate "2021.??.??"]
[EventType "blitz"]

1. e4 e5 2. Nf3 d5 3. Nxe5 dxe4 4. Bc4 Qg5 5. Nxf7 Qxg2 6. Rf1 Bg4 7. f3 Bxf3
8. Be2 Kxf7 9. Bxf3 exf3 10. Rxf3+ Nf6 {Normal} 0-1

[Event "Rated Blitz game"]
[Site "?"]
[Date "2021.10.15"]
[Round "?"]
[White "Afghan-Tiger"]
[Black "barry-allen"]
[Result "1-0"]
[WhiteElo "2454"]
[BlackElo "2393"]
[PlyCount "49"]
[EventDate "2021.??.??"]
[EventType "blitz"]

1. e4 e5 2. Nf3 d5 3. d4 dxe4 4. Nxe5 Bd6 5. Nc4 Nf6 6. Nc3 O-O 7. Be2 a6 8.
Bg5 c6 9. Nxe4 Be7 10. Nxf6+ Bxf6 11. Bxf6 Qxf6 12. O-O Re8 13. c3 b5 14. Nb6
Ra7 15. Nxc8 Rxc8 16. Bf3 Nd7 17. Re1 Nf8 18. d5 cxd5 19. Qxd5 Rd7 20. Qb3 Rcd8
21. Rad1 Ng6 22. h3 Ne5 23. Rxd7 Nxf3+ 24. gxf3 Qg6+ 25. Kh1 {Normal} 1-0

[Event "Rated Blitz game"]
[Site "?"]
[Date "2021.10.15"]
[Round "?"]
[White "xadrezsoccer21"]
[Black "Annali-annaliew1979"]
[Result "0-1"]
[WhiteElo "2482"]
[BlackElo "2478"]
[PlyCount "62"]
[EventDate "2021.??.??"]
[EventType "blitz"]

1. e4 e5 2. Nf3 d5 3. Nxe5 Qe7 4. d4 f6 5. Qh5+ g6 6. Nxg6 Qxe4+ 7. Be3 Qxg6 8.
Qxd5 Ne7 9. Qb3 Nbc6 10. Nc3 Bf5 11. Qxb7 Rb8 12. Qxc7 Rxb2 13. d5 Rxc2 14.
dxc6 Rxc3 15. Rd1 Rxc6 16. Bb5 Qxg2 17. Rf1 Kf7 18. Bxc6 Qxc6 19. Qxc6 Nxc6 20.
Rc1 Bb4+ 21. Bd2 Re8+ 22. Kd1 Bxd2 23. Kxd2 Rd8+ 24. Ke3 Ne5 25. Rc7+ Ke6 26.
Rfc1 Rd3+ 27. Ke2 Bg4+ 28. Kf1 Bh3+ 29. Ke2 Bg4+ 30. Kf1 Rd2 31. f4 Bh3+ {
Normal} 0-1

[Event "Rated Blitz game"]
[Site "?"]
[Date "2021.10.15"]
[Round "?"]
[White "Sijavush"]
[Black "Annali-annaliew1979"]
[Result "1-0"]
[WhiteElo "2523"]
[BlackElo "2483"]
[PlyCount "75"]
[EventDate "2021.??.??"]
[EventType "blitz"]

1. e4 e5 2. Nf3 d5 3. exd5 e4 4. Ne5 Bd6 5. d4 Nf6 6. c4 b6 7. Nc3 h6 8. Bf4
O-O 9. Bg3 Re8 10. Be2 Bf5 11. O-O a6 12. a3 a5 13. Nb5 Qe7 14. h3 Bh7 15. Bg4
Nbd7 16. Nc6 Qf8 17. Nxc7 Bxg3 18. fxg3 e3 19. Nxa8 Rxa8 20. Bxd7 Nxd7 21. Qf3
Re8 22. Rae1 Bd3 23. Rxe3 Bxc4 24. Rfe1 Rxe3 25. Rxe3 Nf6 26. d6 Qxd6 27. Ne7+
Kh8 28. Kh2 Qxd4 29. Nf5 Qd8 30. g4 Be6 31. Qg3 Qd2 32. Rd3 Qxb2 33. Rd8+ Kh7
34. Qb8 Bd5 35. Rh8+ Kg6 36. Ne7+ Kg5 37. Qg3 Qe2 38. h4# {Normal} 1-0

[Event "Rated Blitz game"]
[Site "?"]
[Date "2021.10.15"]
[Round "?"]
[White "Farzian66"]
[Black "specialprize4u"]
[Result "0-1"]
[WhiteElo "2271"]
[BlackElo "2424"]
[PlyCount "46"]
[EventDate "2021.??.??"]
[EventType "blitz"]

1. e4 e5 2. Nf3 d5 3. Nxe5 Bd6 4. d4 dxe4 5. f4 exf3 6. Nxf3 Nf6 7. Bd3 O-O 8.
O-O Bg4 9. Bg5 h5 10. Nbd2 Nc6 11. c3 Be7 12. h3 Be6 13. Qe2 Nd5 14. Qe4 g6 15.
Bh6 Bf5 16. Qe2 Re8 17. Bxf5 Bf8 18. Ne5 Bxh6 19. Bd3 Nf4 20. Qf3 Nxe5 21. dxe5
Qxd3 22. Qf2 Nxh3+ 23. gxh3 Be3 {Normal} 0-1

[Event "Rated Blitz game"]
[Site "?"]
[Date "2021.10.15"]
[Round "?"]
[White "Ruben_Briceno"]
[Black "Kasteajedrez"]
[Result "1-0"]
[WhiteElo "2470"]
[BlackElo "2526"]
[PlyCount "143"]
[EventDate "2021.??.??"]
[EventType "blitz"]

1. e4 e5 2. Nf3 d5 3. exd5 e4 4. Qe2 Nf6 5. d3 Qxd5 6. dxe4 Qxe4 7. Ng5 Qe7 8.
Qxe7+ Bxe7 9. Bc4 O-O 10. O-O Nc6 11. Re1 Bf5 12. Bb3 Rae8 13. Nc3 Bb4 14. Bf4
Rxe1+ 15. Rxe1 Nd4 16. Bxc7 Nxb3 17. cxb3 Nd5 18. Nxd5 Bxe1 19. Ne7+ Kh8 20.
Nxf5 f6 21. Nf3 Bb4 22. g4 Rc8 23. Bd6 Bxd6 24. Nxd6 Rc2 25. Nxb7 Rxb2 26. Nc5
Rxa2 27. Nd4 Kg8 28. Kg2 Kf7 29. Kf3 a5 30. Ke3 Ra1 31. h4 Rg1 32. f3 Rh1 33.
h5 Ra1 34. Kd3 g6 35. hxg6+ hxg6 36. Kc4 Ke7 37. Kb5 Kd6 38. Na4 Ke5 39. Ne2
Rb1 40. Kc4 Re1 41. Nac3 f5 42. f4+ Ke6 43. g5 Kd6 44. Nd4 Rf1 45. Nce2 Rf2 46.
Kb5 Kd5 47. Kxa5 Rf1 48. b4 Ra1+ 49. Kb5 Ke4 50. Kc6 Rf1 51. b5 Rxf4 52. Nxf4
Kxf4 53. Kd5 Ke3 54. b6 f4 55. b7 f3 56. Nxf3 Kxf3 57. b8=Q Kg4 58. Qe5 Kh5 59.
Qf6 Kg4 60. Ke4 Kh4 61. Qf4+ Kh5 62. Qf3+ Kxg5 63. Qg3+ Kf6 64. Qg4 Kg7 65. Qg5
Kf7 66. Ke5 Ke8 67. Qxg6+ Kd7 68. Qd6+ Kc8 69. Qe7 Kb8 70. Kd6 Ka8 71. Kc6 Kb8
72. Qb7# {Normal} 1-0